|
|
|
|
| LEADER |
00822nam a22002292a 4500 |
| 001 |
000329577 |
| 003 |
CZ BrMZK |
| 005 |
20200827140050.0 |
| 008 |
980107s1967 xr f cze d |
| 015 |
|
|
|a cnb000233911
|
| 035 |
|
|
|a (OCoLC)85168939
|
| 040 |
|
|
|a BOA001
|b cze
|
| 100 |
1 |
|
|a Aškenazy, Ludvík,
|d 1921-1986
|7 jk01010398
|4 aut
|
| 245 |
1 |
0 |
|a Pohádka na klíč :
|b pro nejmenší /
|c Ludvík Aškenazy ; ilustrovala Hana Štěpánová
|
| 250 |
|
|
|a 1. vyd.
|
| 260 |
|
|
|a Praha :
|b SNDK,
|c 1967
|
| 300 |
|
|
|a Nestr.
|
| 700 |
1 |
|
|a Štěpánová, Hana,
|4 ill
|
| 910 |
|
|
|a BOA001
|b PK-0047.350
|b 3-0584.704
|
| 990 |
|
|
|a BK
|
| 996 |
6 |
|
|b 2618894717
|c 3-0584.704
|l MZK
|r Sklad / do 1 hodiny
|n 0
|w 000329577
|u 000020
|a 1
|e BOA001
|j MZK50
|s P
|
| 996 |
7 |
|
|b 3119929109
|c PK-0047.350
|l MZK
|r Sklad / do 1 hodiny
|n 10
|w 000329577
|u 000010
|a 1
|e BOA001
|j MZK50
|s A
|